000 01027nam a2200313 i 4500
003 EG-GICUC
005 20260121101212.0
008 251111s1969 ii ad |f |||| 001 0 eng d
040 _aEG-GiCUC
_beng
_cEG-GiCUC
_dEG-GiCUC
_erda
041 0 _aeng
082 0 4 _221
_a338.9
_bSE . T
092 0 4 _221
099 _aLaw1 13 338.9 SE . T 4 ed - 1969
100 1 _aSeth , M. L
_eAuthor.
245 1 0 _aTheory and Practice Of Economic Planning/
_cBy M. L. Seth, M.a., Ph.d.
250 _aFourth Edition (Thoroughly Revised And Enlarged).
264 1 _aDelhi :
_bS. Chand & Co. ,
_c1947.
300 _a575pages :
_billustrations ;
_c24 cm.
336 _2rda content
_atext
337 _2rda media
_aComputer
338 _2rda carrier
_aOnline Resource
490 _3
504 _aIncludes bibliographical references and index.
546 _aText in English
650 1 4 _aPublic finance and tax legislation
856 4 0 _uhttps://fll.law.cu.edu.eg/fulltext/bks/B13-07518.pdf
905 _a48
942 _2ddc
_cBK
_e21
_n0
999 _c42731
_d42731